01048cam a22002891 4500001001300000003000400013005001700017008004100034010001700075035001900092040005100111042001200162043001200174050002300186082001200209110004100221245011100262260002500373300001800398490002600416500007900442500009600521650002600617650003700643810006100680999001700741e 42000267 DLC20260227111231.0790906s1942 lau s000 0 eng c ae 42000267  a(OCoLC)5347337 aU.S. Off. of educ. LibrarycLUdLUdOCoLCdDLC apremarc an-us-la00aL154b.B32 no. 480 a379.7631 aLouisiana.bDepartment of Education.10aWartime education in Louisiana schools.cIssued by John E. Coxe, state superintendent of public education. a[Baton Rouge,c1942] a44 p.c23 cm.1 aIts Bulletinvno. 480 aAt head of title: State Dept. of education of Louisiana. February, 1942. a"Some efforts of the state Department of education relating to national defense": p.35-44. 0aEducationzLouisiana. 0aWorld War, 1939-1945zLouisiana.1 aLouisiana.bDepartment of Education.tBulletinvno. 480. c21887d21887